| 000 | 00563nam a22001937a 4500 | ||
|---|---|---|---|
| 003 | OSt | ||
| 005 | 20260421081805.0 | ||
| 008 | 260421b |||||||| |||| 00| 0 eng d | ||
| 020 | _a971-501-969-2 | ||
| 040 |
_aDWCL-Main lib _cOC |
||
| 082 | _aCirc. 201.1 K77t 2003 | ||
| 100 | _aKnox, Ian, C.S.SP. | ||
| 245 |
_aTheology for teachers/ _cKnox, Ian, C.S.SP. |
||
| 260 |
_aQuezon City : _bClaretian Pub., _cc2003 |
||
| 300 |
_a374 pages. ; _c23 cm. |
||
| 504 | _aIncludes appendix, glossary & index | ||
| 650 | _aTheology | ||
| 942 |
_2ddc _cBK-CIRC _hCirc. _n0 |
||
| 999 |
_c9600 _d9600 |
||